Welcome to the Holygrace Academy Library

Please use search bar below to get started

PAVAKALUDE VEEDU (Record no. 8578)

MARC details
000 -LEADER
fixed length control field 01092nam a22001457a 4500
082 ## - DEWEY DECIMAL CLASSIFICATION NUMBER
Classification number 894.812.3
Item number SAN/P
100 ## - MAIN ENTRY--AUTHOR NAME
Personal name SANTHOSHKUMAR,V
245 ## - TITLE STATEMENT
Title PAVAKALUDE VEEDU
246 ## - VARYING FORM OF TITLE
Title proper/short title PAVAKALUDE VEEDU
Remainder of title PAVAKALUDE VEEDU
260 ## - PUBLICATION, DISTRIBUTION, ETC. (IMPRINT)
Place of publication KOTTAYAM,INDIA
Name of publisher D C
Year of publication 2022
300 ## - PHYSICAL DESCRIPTION
Number of Pages 182
520 ## - SUMMARY, ETC.
Summary, etc സമകാലിക മലയാളകഥയിൽ മൗലികമായൊരു ഇടത്തിന് ഉടമയായ ഇ. സന്തോഷ് കുമാറിന്റെ ഏറ്റവും പുതിയ സമാഹാരം. കഴിഞ്ഞ മൂന്നു വർഷങ്ങൾക്കുള്ളിൽ എഴുതപ്പെട്ട ഏഴു കഥകളാണ് ഈ പുസ്തകത്തിൽ നാട്ടിലും പുറത്തുമുള്ള അനുഭവങ്ങൾ ഈ കഥകൾക്കു പ്രചോദനമായിരിക്കുന്നു. നാരകങ്ങളുടെ ഉപമയ്ക്കു ശേഷമുള്ള കഥകളുടെ സമാഹാരം
650 ## - SUBJECT ADDED ENTRY--TOPICAL TERM
Topical Term MALAYALAM STORIES
942 ## - ADDED ENTRY ELEMENTS (KOHA)
Koha item type Books
Holdings
Withdrawn status Lost status Collection code Home library Current library Shelving location Date acquired Source of acquisition Cost, normal purchase price Full call number Accession Number Koha item type
    Fiction Main Library Main Library NEW SHELF WITH NEW ENTRY 27/09/2023 PURCHASED 220.00 894.812.3 SAN/P 12862 Books